000 00462nam a2200181Ia 4500
001 3233
005 20260306144905.0
008 260306t1989||||xx |||||||||||||| ||spa||
041 _aESP
082 _a262.9
_bC76
100 _aConferencia Episcopal Peruana
_eAUT
245 0 _aDocumentos de la conferencia episcopal peruana (1979-1989)
260 _c1989
300 _a455 páginas :
_c20 cm.
650 _aGEN
654 _aCHU
942 _cLIB
_dJUS
_fJUS
_2ddc
_n
999 _c3233
_d3233